00420nam a2200157Ia 4500008004100000020001800041040001900059041001200078082002300090100001900113245004000132260003500172300001900207650002000226850001600246131103s9999 xx 000 0 und d a0-00-651059 0 aLoreto College aEnglish aF/SHEbLCBED/12129 aSheldon,Sidney 4aThe best laid planscSidney Sheldon aLondonbHarper & Collinsc1997 a358p. c 18 cm aEnglish fiction aLCLIB/F/SHE